| 000 | 00849nam a2200241 a 4500 | ||
|---|---|---|---|
| 001 | 000032872 | ||
| 005 | 20240307073948.0 | ||
| 008 | 110801s19uu dr ag 001 0 spa d | ||
| 040 |
_aDO-SdBNP _bspa _cBNPHU |
||
| 082 |
_a782.525 _bH557c |
||
| 100 | 1 |
_aHernández, Julio Alberto _958650 |
|
| 245 | 1 | 0 |
_aCanciones dominicanas : _bpara masas corales / _cJulio Alberto Hernández. |
| 260 |
_a[Santo Domingo] : _bUASD, _c[19--?]. |
||
| 300 |
_a97 p. : _bil., música ; _c28 cm. |
||
| 590 | _aInventariado, 2018/LP | ||
| 650 | 4 |
_aMúsica popular dominicana _92541 |
|
| 650 | 4 |
_aMúsica y canciones _958651 |
|
| 650 | 4 |
_aMúsica coral _958652 |
|
| 650 | 4 |
_aCanciones dominicanas _xTextos _958653 |
|
| 650 | 4 |
_aMúsica dominicana _vPARTITURAS _958654 |
|
| 710 | 1 |
_aUniversidad Autónoma de Santo Domingo _972951 |
|
| 910 | _aValidado. Control de calidad EMS | ||
| 999 |
_c32363 _d32363 |
||